000 00663nam a2200229Ia 4500
003 OSt
005 20220927105205.0
006 a|||||r|||| 00| 0
007 ta
008 220926b |||||||| |||| 00| 0 eng d
024 _a159459
037 _cReference Collections
040 _aRTL
_cRTL
_beng
041 _2eng
_aeng
082 _a"X71m252, N37, M9"
110 _aUTTAR PRADESH (Government of-)
_9370728
245 0 _aDescription estimates of expenditure. Govt. of u.p.
260 _aLucknow
_c1989
700 _aUTTAR PRADESH (Government of-)
_9370729
942 _h"X71m252, N37, M9"
_cCC
999 _c691047
_d691047